000 00286nam a22001337a 4500
008 181219b xxu||||| |||| 00| 0 eng d
020 _a0070449589
041 _aeng
080 _210th
_a330
100 _a52
101 _aEKO
245 _aEconomics
_cMcConnell.C.R
942 _2udc
_cBK
999 _c53484
_d53484